000 01149nam a2200301Ia 4500
005 20220317000250.0
008 141031s2010 sp a0 sga d0p s spa
020 _a9788492608263
100 1 _aMañas Romero, Pedro
_d1981-
245 1 0 _aCiudad laberinto
_cPedro Mañas Romero ; ilustraciones Silvina Socolovsky
250 _aPrimera edición
264 1 _aSevilla
_bFaktoría K de Libros
_bKalandraka Ediciones
_c2010
300 _a60 páginas
_bilustraciones a color
_c25 cm.
336 _atexto
_btxt
_2rdacontent
337 _asin mediación
_bn
_2rdamedia
338 _avolumen
_bnc
_2rdacarrier
586 _aPremio de poesía para niños y niña ciudad de Orihuela, 2009
650 1 4 _2LEMB
_aPoesía infantil española
_ySiglo XX
650 1 4 _2LEMB
_aLiteratura infantil española
_ySiglo XX
650 1 4 _2LEMB
_aCiudades y pueblos
_vPoesía infantil
650 1 4 _2LEMB
_aEstrellas
_vPoesía infantil
650 1 4 _2LEMB
_aHambre
_vPoesía infantil
650 1 4 _2LEMB
_aLibros ilustrados para niños
700 1 _aSocolovsky, Silvina
_eilustrador
_9116238
942 _2loc
_cBKLIT
040 _aCO-BoRNBP
_bspa
_erda
_cCO-BoRNBP
084 _aP MAÑ1
999 _c3565
_d3565